000 00635nam a2200229 i 4500
001 C2-0109098
003 PPAK
005 20180727102809.0
008 970619s1973 my |||| ||||| | may d
040 _aPPAK
_beng
_cPPAK
_erda
082 0 4 _a923.2595
_223
090 0 0 _a923.2595
_bAZI
_dKK
100 0 _aAzizah bt. Kasah,
_eauthor
245 1 0 _aWawancara dengan Y.B. Tan Sri Fatimah Hashim
264 1 _aKuala Lumpur :
_bArkib Negara Malaysia ,
_c1973
300 _a64 pages ;
_c26 cm
336 _2rdacontent
_atext
337 _2rdamedia
_aunmediated
338 _2rdacarrier
_avolume
650 1 0 _aPoliticians
942 _ddc
_cB
999 _c27035
_d27035